वस्ती वाढते आहे (Record no. 452175)

MARC details
000 -LEADER
fixed length control field 00494nam a2200145Ia 4500
008 - FIXED-LENGTH DATA ELEMENTS--GENERAL INFORMATION
fixed length control field 100204s9999 xx 000 0 und d
082 ## - DEWEY DECIMAL CLASSIFICATION NUMBER
Item number 7739
100 ## - MAIN ENTRY--PERSONAL NAME
Personal name पाटील भा. ल.
245 ## - TITLE STATEMENT
Title वस्ती वाढते आहे
260 ## - PUBLICATION, DISTRIBUTION, ETC. (IMPRINT)
Name of publisher, distributor, etc "पॉप्युलर प्रकाशन , मुंबई"
Date of publication, distribution, etc 1985 2
300 ## - PHYSICAL DESCRIPTION
Extent 341
630 ## - SUBJECT ADDED ENTRY--UNIFORM TITLE
Uniform title वस्ती वाढते आहे
730 ## - ADDED ENTRY--UNIFORM TITLE
Uniform title वस्ती वाढते आहे
942 ## - ADDED ENTRY ELEMENTS (KOHA)
Koha item type Book
Holdings
Withdrawn status Lost status Damaged status Not for loan Home library Current library Date acquired Cost, normal purchase price Total Checkouts Full call number Barcode Date last seen Cost, replacement price Price effective from Koha item type
        N. C. Kelkar Sarvajanik Library, Mulund N. C. Kelkar Sarvajanik Library, Mulund 02/04/2010 60.00   7739 NCKMULUND-7739 02/04/2010 60.00 02/04/2010 Book